| 000 | 00526nam a2200145Ia 4500 | ||
|---|---|---|---|
| 008 | 100204s9999 xx 000 0 und d | ||
| 082 | _b6045 | ||
| 100 | _aपाधये भाऊ | ||
| 245 | _aवासूनाका / सांगोपांग | ||
| 260 |
_b"डिंंंंप्ंाल पब्लिकेशन, वसई" _c1983 |
||
| 300 | _a432 | ||
| 630 | _aवासूनाका / सांगोपांग | ||
| 730 | _aवासूनाका / सांगोपांग | ||
| 942 | _cBOOK | ||
| 999 |
_c450542 _d450539 |
||